Dua Lipa - Statistiques

Statistiques générales
  • Ce quiz a été pris 119 fois
  • Le résultat moyen est 27 sur 50
Statistiques - réponses
Hint Réponse % Correct
Avec la nationalité britannique, quelle est la deuxième nationalité de Dua Lipa ? Albanaise
92%
Album sortie en 2024 Radical Optimism
92%
Album sortie en 2020 Future Nostalgia
89%
Album sortie en 2017 Dua Lipa
85%
Avec qui Dua Lipa interprète-t-elle le titre "Fever" ? Angèle
81%
Avec qui Dua Lipa interprète-t-elle le titre "One Kiss" ? Calvin Harris
81%
Quelle chanson, Dua Lipa a-t-elle sortie en 2023 pour le film "Barbie" ? Dance the Night
79%
Finit le titre de cette chanson : "Break My..." Heart
79%
Finit le titre de cette chanson : "Don't Start..." Now
79%
Avec quelle marque s'associe-t-elle pour endosser le parfum "Libre" ? Yves Saint Laurent
79%
Quelle est le nom de la première chanson sortie en 2023 pour le dernier album de Dua Lipa faisant référence à un célèbre illusionniste ? Houdini
78%
Finit le titre de cette chanson : "Training..." Season
75%
Finit le titre de cette chanson : "Be the..." One
73%
Finit le titre de cette chanson : "Love..." Again
71%
Avec qui Dua Lipa interprète-t-elle le titre "Cold Heart" ? Elton John
71%
Finit le titre de cette chanson : "Blow Your..." Mind
69%
Finit le titre de cette chanson : "Happy For..." You
68%
Avec qui Dua Lipa interprète-t-elle le titre "Levitating" ? DaBaby/Madonna/Missy Elliott
67%
Finit le titre de cette chanson : "French..." Exit
67%
Cite-moi une chanson présente dans un des trois principaux albums pas citée dans ce quiz : Genesis/Lost In Your Light/IDGAF/Garden/No Goodbyes/Thinking 'Bout You/Begging/Homesick/Dreams/Room for 2/Bad Together/Last Dance/Running/Future Nostalgia/Cool/Pretty Please/Hallucinate/Good In Bed/Boys Will Be Boys/We're Good/That Kind of Woman/Not My Problem/End Of An Era/These Walls/Illusion/Falling Forever/Anything For Love/Maria
66%
Avec qui Dua Lipa interprète-t-elle le titre "Prisoner" ? Miley Cyrus
66%
Que signifie "Dua" en albanais ? Amour
64%
Quel rôle joue Dua Lipa dans le film "Barbie" au côté de John Cena ? Barbie Sirène
64%
Finit le titre de cette chanson : "Whatcha..." Doing
64%
En quelle année, Dua Lipa s'est produite lors de la cérémonie d'ouverture de la finale de la Ligue des champions à Kiev ? 2018
62%
Finit le titre de cette chanson : "Hotter Than..." Hell
62%
Quel est le premier single de Dua Lipa qui s'est classé numéro 1 au Royaume-Uni durant l'année 2017 ? New Rules
61%
Avec qui Dua Lipa interprète-t-elle le titre "No Lie" ? Sean Paul
61%
En juin 2024, dans le festival de quelle ville française sera t-elle présente ? Nîmes
59%
Avec qui Dua Lipa interprète-t-elle le titre "Kiss and Make Up" ? BLACKPINK
52%
En janvier 2024, avec quel acteur britannique, Dua Lipa annonce être en couple ? Callum Turner
48%
Finit le titre de cette chanson : "If It Ain't..." Me
45%
Avec qui Dua Lipa interprète-t-elle le titre "Scared to Be Lonely" ? Martin Garrix
44%
Dans quel film d'espionnage décalé de Matthew Vaughn sortie en 2020 a-t-elle joué ? Argylle
42%
Quel surnom pour Dua Lipa a été adopté par ses fans suite à une mauvaise prononciation de son nom par l'animatrice américaine Wendy Williams en 2018 ? Dula Peep
41%
Avec qui Dua Lipa interprète-t-elle le titre "Un Día (One Day)" ? J Balvin/Bad Bunny/Tainy
41%
Avec qui Dua Lipa interprète-t-elle le titre "Sweetest Pie" ? Megan Thee Stallion
41%
Comment s'appelle la chanson en collaboration avec Calvin Harris et Young Thug sortie en 2022 ? Potion
40%
Comment s'appelle le premier single qu'elle a sortie en 2015 ? New Love
35%
Avec qui Dua Lipa interprète-t-elle le titre "Electricity" ? Silk City
34%
Comment s'appelle la chanson de Dua Lipa faite pour le film "Alita: Battle Angel" ? Swan Song
28%
Avec qui Dua Lipa interprète-t-elle le titre "Demeanor" ? Pop Smoke
22%
Quel rappeur américain a sortie une chanson s'appelant "Dua Lipa" en 2022 ? Jack Harlow
21%
Dans la pub de quelle émission TV britannique peut-on voir Dua Lipa en 2013 ? The X Factor
20%
Comment s'appelle le titre de la chanson que Dua Lipa a fait en collaboration avec Whethan pour le film "Cinquante Nuances plus claires" ? High
18%
Quelle chanson de Dua Lipa a eu le droit à un remix de Mark Ronson avec The Blessed Madonna et Gwen Stefani ? Physical
15%
Avec qui Dua Lipa interprète-t-elle le titre "My Love" ? Wale/Major Lazer/Wizkid
12%
Avec qui Dua Lipa interprète-t-elle le titre "If Only" ? Andrea Bocelli
11%
Avec quelle marque automobile, Dua Lipa s'associe-t-elle et lance un service permettant aux fans de créer leur propre version de la chanson "Want To" établissant le record mondial de la chanson la plus remixée de tous les temps ? Jaguar
8%
Comment s'appelle le documentaire sur les débuts de la carrière de Dua Lipa sortie en 2016 See in Blue
8%
Aucun quiz correspondant
Distribution des résultats
% des personnes avec chaque résultat
Percentile par nombre de réponses
Votre historique - résultats
Vous n’avez pas pris ce quiz